All 100+ 'G' Boy Names that have ever ranked in the top 1000 (US) - Statistics

General Stats
  • This quiz has been taken 58 times
  • The average score is 58 of 144
Answer Stats
Highest Rank Male name % Correct
418 Geo
100%
4 George
98%
964 Gorge
98%
77 Greg
95%
167 Gregg
95%
679 Greggory
93%
21 Gregory
93%
21 Gabriel
91%
121 Gus
86%
909 Garey
84%
140 Garry
84%
10 Gary
84%
838 Gray
84%
717 Grey
84%
89 Gael
81%
371 Gail
81%
322 Gale
81%
464 Gayle
81%
686 Gil
81%
361 Guss
81%
765 Graysen
79%
34 Grayson
79%
955 Greysen
79%
80 Greyson
79%
770 Garett
77%
420 Garret
77%
74 Garrett
77%
115 Grant
77%
584 Gabe
72%
728 Gaven
72%
32 Gavin
72%
644 Gavyn
72%
505 Gearld
70%
20 Gerald
70%
724 Gerold
70%
114 Glen
70%
55 Glenn
70%
597 Glynn
70%
725 Gorden
70%
70 Gordon
70%
970 Georgie
65%
330 Gust
65%
528 Giovani
63%
117 Giovanni
63%
619 Giovanny
63%
65 Guy
60%
335 Gerry
58%
388 Gunnar
58%
239 Gunner
58%
584 Gustaf
58%
242 Gustav
58%
217 Gustave
58%
773 Gay
56%
61 Gene
56%
448 Gerhard
56%
992 Graeme
56%
129 Graham
56%
941 Geoff
53%
167 Geoffrey
49%
179 Gerard
49%
206 Grady
49%
776 Gian
47%
90 Gilbert
47%
260 Gustavo
47%
516 Garth
42%
558 Grace
42%
214 Griffin
42%
354 Gianni
40%
304 Gideon
37%
140 Gage
35%
782 Gaige
35%
744 Gauge
35%
919 Genie
33%
817 Georgia
33%
607 Gaston
30%
567 Gino
30%
827 Genesis
28%
614 German
28%
599 Golden
28%
254 Green
28%
997 Greene
28%
374 Galen
26%
88 Garfield
26%
764 Gaylen
26%
673 Gaylon
26%
491 Gaylord
26%
211 Gerardo
26%
661 Garrison
23%
956 Grove
23%
20 Grover
23%
361 Guillermo
23%
662 Gardner
19%
795 Gee
19%
724 Gibson
19%
726 Giuseppe
19%
566 Godfrey
19%
565 Guido
19%
763 Graydon
16%
251 Garland
14%
834 Garnet
14%
557 Garnett
14%
397 Gilberto
14%
367 Giles
14%
578 Gladys
14%
780 Glover
14%
695 Gonzalo
14%
675 Garner
12%
926 Gasper
12%
725 Gatlin
12%
715 Giancarlo
12%
629 Germaine
9%
619 Gertrude
9%
669 Glendon
9%
622 Gregorio
9%
532 Gannon
7%
816 Garvin
7%
508 Geary
7%
280 General
7%
984 Graves
7%
662 Gussie
7%
988 Gianluca
5%
862 Gilman
5%
878 Gloria
5%
836 Governor
5%
959 Granger
5%
330 Guadalupe
5%
924 Guthrie
5%
993 Gaines
2%
719 Garold
2%
982 Gilford
2%
829 Glenwood
2%
725 Gustavus
2%
641 Gaetano
0%
920 Gaither
0%
565 Garrick
0%
863 Genaro
0%
815 Gerrit
0%
957 Gilmer
0%
695 Gottlieb
0%
923 Grafton
0%
330 Granville
0%
999 Grayling
0%
775 Guilford
0%
972 Gurney
0%
No matching quizzes found
Score Distribution
Percent of People with Each Score
Percentile by Number Answered
Your Score History
You have not taken this quiz